L'enfant Ocean / (Record no. 6743)

MARC details
000 -LEADER
fixed length control field 00809nam a22002297a 4500
001 - CONTROL NUMBER
control field 6743
003 - CONTROL NUMBER IDENTIFIER
control field FISKH
005 - DATE AND TIME OF LATEST TRANSACTION
control field 20250523141222.0
008 - FIXED-LENGTH DATA ELEMENTS--GENERAL INFORMATION
fixed length control field 250523b cb ||||| |||| 00| 0 eng d
020 ## - INTERNATIONAL STANDARD BOOK NUMBER
International Standard Book Number 9782266122320
040 ## - CATALOGING SOURCE
Original cataloging agency FISKH
Language of cataloging French
Transcribing agency FISKH
Modifying agency FISKH
050 ## - LIBRARY OF CONGRESS CALL NUMBER
Classification number PZ7.M8646 P
082 ## - DEWEY DECIMAL CLASSIFICATION NUMBER
Classification number 843.914
100 ## - MAIN ENTRY--PERSONAL NAME
Personal name Mourlevat, Jean-Claude
245 ## - TITLE STATEMENT
Title L'enfant Ocean /
Statement of responsibility, etc. By Jean-Claude Mourlevat
260 ## - PUBLICATION, DISTRIBUTION, ETC.
Place of publication, distribution, etc. Paris :
Name of publisher, distributor, etc. Pocket Jeunesse ,
Date of publication, distribution, etc. 1999.
300 ## - PHYSICAL DESCRIPTION
Extent 151 pages :
Other physical details illustrations ;
Dimensions 18 cm .
520 ## - SUMMARY, ETC.
Summary, etc. Loosely based on Charles Perrault's "Tom Thumb," seven brothers in modern-day France flee their poor parents' farm, led by the youngest who, although mute and unusually small, is exceptionally wise.
650 ## - SUBJECT ADDED ENTRY--TOPICAL TERM
Topical term or geographic name entry element Batchelder Award
Form subdivision Fiction
942 ## - ADDED ENTRY ELEMENTS (KOHA)
Source of classification or shelving scheme Dewey Decimal Classification
Koha item type Books
Suppress in OPAC No
Holdings
Withdrawn status Lost status Source of classification or shelving scheme Damaged status Not for loan Collection Home library Current library Shelving location Date acquired Total Checkouts Full call number Barcode Date last seen Price effective from Koha item type
    Dewey Decimal Classification     Fiction Footprints International School Library Network Toul Tom Poung Campus Footprints International School Library Network Toul Tom Poung Campus TTP Secondary Fiction Bookshelves 05/23/2025   MOU 843.914 PZ7.M8646 P FISSE04483 05/23/2025 05/23/2025 Books